UBT Library

Pharmacology : (Record no. 47011)

000 -LEADER
fixed length control field 00768cam a2200277 a 4500
001 - CONTROL NUMBER
control field 17046728
005 - DATE AND TIME OF LATEST TRANSACTION
control field 20180813040744.0
008 - FIXED-LENGTH DATA ELEMENTS--GENERAL INFORMATION
fixed length control field 111114s2013 njua b 001 0 eng
010 ## - LIBRARY OF CONGRESS CONTROL NUMBER
LC control number 2011047137
020 ## - INTERNATIONAL STANDARD BOOK NUMBER
International Standard Book Number 9780132814423
020 ## - INTERNATIONAL STANDARD BOOK NUMBER
International Standard Book Number 0132814420
035 ## - SYSTEM CONTROL NUMBER
System control number (DNLM)101572864
040 ## - CATALOGING SOURCE
Original cataloging agency DNLM/DLC
Transcribing agency DLC
Modifying agency DLC
041 ## - LANGUAGE CODE
Language code of text/sound track or separate title eng
042 ## - AUTHENTICATION CODE
Authentication code pcc
060 10 - NATIONAL LIBRARY OF MEDICINE CALL NUMBER
Classification number WY 100.1
080 ## - UNIVERSAL DECIMAL CLASSIFICATION NUMBER
Universal Decimal Classification number 615.1
082 00 - DEWEY DECIMAL CLASSIFICATION NUMBER
Classification number 615.1
Edition number 23
100 1# - Rafti
Rafti 5
101 ## - Shkurtesa
Shkurtesa PHA
245 10 - TITLE STATEMENT
Title Pharmacology :
Statement of responsibility, etc Michael Patrick Adams, Carol Quam Urban.
504 ## - BIBLIOGRAPHY, ETC. NOTE
Bibliography, etc Includes bibliographical references and index.
906 ## - LOCAL DATA ELEMENT F, LDF (RLIN)
a 7
b cbc
c orignew
d 1
e ecip
f 20
g y-gencatlg
942 ## - ADDED ENTRY ELEMENTS (KOHA)
Source of classification or shelving scheme
Item type Books
Holdings
Withdrawn status Lost status Source of classification or shelving scheme Damaged status Not for loan Collection code Permanent location Current location Shelving location Date acquired Total Checkouts Full call number Barcode Date last seen Price effective from Koha item type
          Koleksioni i përgjithshem UBT - Lipjan UBT - Lipjan Koleksioni i përgjithshem 08/13/2018   615.1 MIC 002-3010826 08/13/2018 08/13/2018 Books
UBT Library © 2015-2024. All rights reserved University Education for Business and Technology